| 000 | 01302nam0a2200325 4500 | ||
|---|---|---|---|
| 001 | RU\NLR\bibl\933602 | ||
| 005 | 20260406042744.0 | ||
| 010 |
_a5-469-01182-8 _95000 |
||
| 021 |
_aRU _b2006-11758 _9574 |
||
| 035 | _a(NLR Aleph) 000921807 | ||
| 090 |
_a104572 _c104572 |
||
| 100 | _a20060417d2006 |||y0rusy50 ca | ||
| 101 | 0 | _arus | |
| 102 | _aRU | ||
| 105 | _aa ||||||||| | ||
| 200 | 1 |
_aАппаратные средства IBM PC _e[фундаментальное руководство] _fМихаил Гук |
|
| 205 | _a3-е изд. | ||
| 210 |
_aСанкт-Петербург [и др.] _cПитер _d2006 |
||
| 215 |
_a1072 с. _cил. _d24 |
||
| 225 | 1 |
_aЭнциклопедия _eнаиболее полное и подробное руководство |
|
| 320 | _aБиблиогр.: с. 1033 (10 назв.) | ||
| 320 | _aАлф. указ.: с. 1034-1072 | ||
| 606 | 0 |
_aIBM, персональные компьютеры _jЭнциклопедии _xАппаратное обеспечение _92095806 _3RU\NLR\auth\661268064 |
|
| 686 | _aЗ973.23-04я20 | ||
| 700 | 1 |
_4070 _8rus _7ca _aГук _bМ. Ю. _gМихаил Юрьевич _3RU\NLR\auth\772927 _9112934 |
|
| 801 | 0 |
_aRU _bNLR _c20060417 _grcr |
|
| 801 | 1 |
_aRU _bNLR _c20060417 |
|
| 942 | _cBOOK | ||
| 980 | _aNB | ||